Sports Quiz

Random Sports Quiz

Premier League Facts Quiz Stats

 Plays Quiz not verified by Sporcle

Challenge
Share
Tweet
Embed
Score 0/36 Timer 10:00
0 Plays Today
Fact Team % Correct
Fewest Losses in a Season (0)Arsenal
98.6%
Longest Uneaten Run (49 games)Arsenal
98.6%
Fewest Home Losses in a Season (0)Arsenal
98.6%
Fewest Away Losses in a Season (0)Arsenal
98.6%
Most Consecutive Away Games Undefeated (27)Arsenal
98.6%
Fewest Home Losses in a Season (0)Manchester United
97.2%
Fewest Home Losses in a Season (0)Chelsea
97.2%
Most Consecutive Home Games Undefeated (86)Chelsea
97.2%
Most Goals Scored in a Season (103)Chelsea
97.2%
Most Clean Sheets in a Season (25)Chelsea
97.2%
Most Points in a Season (95)Chelsea
97.2%
Fewest Home Losses in a Season (0)Manchester City
95.8%
Most Consecutive Draws in a Season (7)Manchester City
95.8%
Fewest Home Losses in a Season (0)Liverpool
90.3%
Most Losses in a Season (29)Derby County
86.1%
Fewest Goals Scored in a Season (20)Derby County
86.1%
Most Goals Conceded in a 38-game Season (89Derby County
86.1%
Fewest Clean Sheets in a Season (3)Derby County
86.1%
Fact Team % Correct
Least Points in a Season (11)Derby County
86.1%
Most Losses in a Season (29)Sunderland
84.7%
Most Consecutive Losses (20)Sunderland
84.7%
Most Home Losses in a Season (14)Sunderland
84.7%
Highest Finish by a Promoted Club (3rd)Newcastle United
81.9%
Lowest Finish by the Previous Champions (7th)Blackburn Rovers
80.6%
Most Points in a 38-game Season while being relegated (42)West Ham United
79.2%
Fewest Points in a Season while surviving relegation (34)West Bromwich Albion
76.4%
Fewest Clean Sheets in a Season (3)Blackburn Rovers
73.6%
Most Consecutive Draws in a Season (7)Norwich City
63.9%
Fewest Clean Sheets in a Season (3)Norwich City
63.9%
Most Goals Conceded in a 42-game Season (100)Swindon Town
62.5%
Most Losses in a Season (29)Ipswich Town
59.7%
Most Consecutive Draws in a Season (7)Southampton
59.7%
Highest Finish by a Promoted Club (3rd)Nottingham Forest
59.7%
Most Away Losses in a Season (17)Burnley
58.3%
Most Points in a 42-game Season while being relegated (49)Crystal Palace
56.9%
Fewest Clean Sheets in a Season (3)Birmingham City
51.4%

You're not logged in!

Compare scores with friends on all Sporcle quizzes.
Join for Free
OR
Log In

You Might Also Like...

Show Comments

Extras

Created Dec 4, 2013ReportFavoriteNominate
Tags:league, premier, team

Top Quizzes Today


Score Distribution

Your Account Isn't Verified!

In order to create a playlist on Sporcle, you need to verify the email address you used during registration. Go to your Sporcle Settings to finish the process.

Report this User

Report this user for behavior that violates our Community Guidelines.

Details: